| 000 | 01922nam a2200397Ia 4500 | ||
|---|---|---|---|
| 001 | 9780203836163 | ||
| 003 | BD-DhSAU | ||
| 005 | 20151012151723.0 | ||
| 006 | a|||||s||||||||||| | ||
| 007 | cr|||| | ||
| 008 | 101115s2011 nyuad sb 001 0 eng d | ||
| 020 | _a9780203836163 (e-book : PDF) | ||
| 040 |
_aBD-DhSAU _cBD-DhSAU |
||
| 043 | _af-sj--- | ||
| 090 |
_aDT159.6.D27 _bS85 2011 |
||
| 092 |
_a962.4043 _bS949 |
||
| 100 | 1 |
_aSuliman, Mohamed Osman, _d1951- |
|
| 245 | 1 | 4 |
_aThe Darfur conflict _h[electronic resource] : _bgeography or institutions? / _cOsman Suliman. |
| 260 |
_aNew York : _bRoutledge, _c2011. |
||
| 300 |
_axv, 231 p. : _bill. |
||
| 490 | 1 |
_aRoutledge African studies ; _v2 |
|
| 504 | _aIncludes bibliographical references (p. [205]-221) and index. | ||
| 505 | 0 | _aBackground and introduction -- Geography -- The impact of the conflict on livelihoods -- Poor governance and institutional failures: an overview -- Ecology and environmental degradation -- Failure of economic institutions: development projects -- Economic institutions: marketing and credit markets -- Land tenure/use problem: conflict between customary and statutory laws -- The breakdown of local institutions: native administration -- Social institutions and the Sudanese identity crisis -- Democratic institutions and federalism: will they support power-sharing? -- Concluding remarks. | |
| 530 | _aAlso available in print edition. | ||
| 538 | _aMode of access: World Wide Web. | ||
| 650 | 0 |
_aHuman geography _zSudan. |
|
| 650 | 0 |
_aHuman ecology _zSudan. |
|
| 651 | 0 |
_aSudan _xHistory _yDarfur Conflict, 2003- |
|
| 651 | 0 |
_aSudan _xEconomic conditions. |
|
| 651 | 0 |
_aSudan _xPolitics and government. |
|
| 655 | 7 |
_aElectronic books. _2lcsh |
|
| 776 | 1 | _z9780415885980 | |
| 776 | 1 | _z0415885981 | |
| 830 | 0 |
_aRoutledge African studies ; _v2. |
|
| 856 | 4 | 0 | _uhttp://www.tandfebooks.com/isbn/9780203836163 |
| 999 |
_c13003 _d13002 |
||